Diccionario de términos de comunicaciones y redes

Uloženo v:
Podrobná bibliografie
Hlavní autor: Navarro Schlegel, Anna (autora)
Médium: Kniha
Jazyk:španělština
angličtina
Vydáno: Madrid Pearson Educación 2003
Madrid Cisco 2003
Témata:
Tagy: Přidat tag
Žádné tagy, Buďte první, kdo vytvoří štítek k tomuto záznamu!

MARC

LEADER 00000nam a2200000 a 4500
001 UCK6330
003 CL-VaPUC
008 050916e20030000sp |||||||||||||||||spa|d
020 |a 8420534714 
041 0 7 |a spa  |2 CL-VaPUC 
041 0 7 |a eng  |2 CL-VaPUC 
082 0 4 |a 384.03  |b NAV  |2 21 
100 |a Navarro Schlegel, Anna  |e autora  |9 495493 
245 1 0 |a Diccionario de términos de comunicaciones y redes 
300 |a 612 p 
942 |c BK 
945 |d 20050916 00:00:00  |a jcarroza 
260 |a Madrid  |b Pearson Educación  |c 2003 
260 |a Madrid  |b Cisco  |c 2003 
650 0 |a Redes de computadores  |9 263293 
650 7 |a COMUNICACIONES  |2 CL-VaPUC  |9 260778 
650 0 |a Telecomunicaciones   |9 257195 
650 0 |a Diccionarios  |9 256200 
583 |a last modification  |c 20171204 01:18:59  |k Rodrigo Vera 
999 |c 314626  |d 314624 
952 |0 0  |1 1  |2 ddc  |4 0  |6 384_030000000000000_NAV_2003_2003  |7 0  |8 A  |9 387176  |a BIBING  |b BIBING  |d 2019-11-22  |i 4155122  |o 384.03 NAV 2003 2003  |p 4155122  |r 2023-03-02  |w 2019-11-22  |y BK  |k EIE 
952 |0 0  |1 1  |2 ddc  |4 0  |6 384_030000000000000_NAV_2003_2003  |7 0  |8 A  |9 387177  |a BIBING  |b BIBING  |d 2019-11-22  |i 4170962  |o 384.03 NAV 2003 2003  |p 4170962  |r 2023-03-02  |w 2019-11-22  |y BK  |k EIE